Učíme v projektech

Bibliographic Details
Main Authors: Tomková, Anna (pedagogička) (Author), Kašová, Jitka, 1951- (Author), Dvořáková, Markéta, 1958- (Author)
Format: Book
Language:Czech
PhysicalDescription:173 s. ilustr. 23 cm
Published: Praha Portál 2009
ISBN:9788073675271
Edition:Vyd. 1.
Subjects:

MARC

LEADER 00000cam a2200000 a 4500
001 vtls009624936
003 SK-MaSNL
005 20260301171418.0
008 240315s2009 xr a f f 000 0 cze
020 |a 9788073675271  |q (brož.) 
040 |a SNK  |b slo  |c SNK  |e AACR2 
041 0 |a cze 
044 |a xr  |c CZ 
072 7 |a 373.2/.3  |x Predškolská a primárna výchova a vzdelávanie  |2 konspekt 
080 |a 371.314.6  |2 2001 
080 |a 373.3  |2 2001 
080 |a (072)  |2 2001 
100 1 |a Tomková, Anna  |c (pedagogička)  |4 aut  |9 539049 
245 1 0 |a Učíme v projektech  |c Anna Tomková, Jitka Kašová, Markéta Dvořáková 
250 |a Vyd. 1. 
260 |a Praha  |b Portál  |c 2009 
300 |a 173 s.  |b ilustr.  |c 23 cm 
504 |a Obsahuje bibliogr. a bibliografické odkazy 
650 0 7 |a projektové vyučovanie  |2 SNKPH  |9 4053 
650 0 7 |a základné školy  |2 SNKPH  |9 1280 
650 0 7 |a Project method in teaching  |2 SNKPHeng  |9 323715 
650 0 7 |a Elementary schools  |2 SNKPHeng  |9 265049 
655 7 |a metodické príručky  |2 SNKPH  |9 70250 
655 7 |a Methodological manuals  |2 SNKPHeng  |9 270866 
700 1 |a Kašová, Jitka,  |d 1951-  |4 aut  |9 539050 
700 1 |a Dvořáková, Markéta,  |d 1958-  |4 aut  |9 122330 
919 |a 978-80-7367-527-1 
999 |c 830749  |d 832679 
952 |t snkTOM 371.3  |a SNKUST  |b SNKUST  |y PREZ  |7 0  |p 17A0666195  |o snkIC 138925  |i snk2010/16012  |8 4  |g 7.63  |0 0  |1 0  |4 0  |d 2009-12-02  |l 0  |r 2025-03-20 00:00:00  |w 2026-02-24